[Event "M.Chigorin Memorial 2014"]
[Site "St. Petersburg"]
[Date "2014.10.25"]
[Round "8.25"]
[White "Prizant, Jaroslav"]
[Black "Kukhmazov, Arsen"]
[Result "1/2-1/2"]
[WhiteElo "2511"]
[BlackElo "2351"]
[PlyCount "82"]
[EventDate "2014.10.18"]
[EventType "swiss"]
[EventCountry "RUS"]

1. d4 d5 2. c4 c6 3. Nf3 Nf6 4. Nc3 e6 5. e3 Nbd7 6. Bd3 dxc4 7. Bxc4 b5 8. Bd3
b4 9. Ne4 Nxe4 10. Bxe4 Bb7 11. O-O Bd6 12. Qc2 Rc8 13. Rd1 Nf6 14. Bd3 c5 15.
Qa4+ Bc6 16. Bb5 Qd7 17. Bxc6 Qxc6 18. Qxc6+ Rxc6 19. a3 b3 20. dxc5 Bxc5 21.
Rd3 Rd6 22. Rxd6 Bxd6 23. Nd4 Kd7 24. Nxb3 Rb8 25. Na5 Rc8 26. Bd2 Rc2 27. Rd1
Ke7 28. Bc3 Kf8 29. Nc6 Nd5 30. Nxa7 Nxc3 31. bxc3 Bxa3 32. Nb5 Bb2 33. g3 Bxc3
34. Nxc3 Rxc3 35. Kg2 h5 36. h4 g6 37. Rd2 Rc7 38. Ra2 Ke7 39. Kf3 Kf6 40. Rb2
Ra7 41. Rc2 Rd7 1/2-1/2

[Event "M.Chigorin Memorial 2014"]
[Site "St. Petersburg"]
[Date "2014.10.25"]
[Round "8.26"]
[White "Ulko, Jaroslav"]
[Black "Rjabzev, Konstantin"]
[Result "1-0"]
[WhiteElo "2489"]
[BlackElo "2310"]
[PlyCount "63"]
[EventDate "2014.10.18"]
[EventType "swiss"]
[EventCountry "RUS"]

1. d4 d5 2. c4 e6 3. Nf3 Nf6 4. e3 Be7 5. Nc3 O-O 6. Bd3 dxc4 7. Bxc4 a6 8. e4
b5 9. Bd3 b4 10. Na4 Bb7 11. Qc2 g6 12. O-O Nbd7 13. Rd1 a5 14. Bf4 Rc8 15. Nc5
Nxc5 16. dxc5 Qe8 17. Ne5 Bc6 18. Bh6 Ba4 19. b3 Bb5 20. Bxf8 Bxf8 21. Bxb5
Qxb5 22. Rac1 Nh5 23. Qd3 Qxd3 24. Rxd3 Nf4 25. Rd2 Bg7 26. Nc6 Ra8 27. Rcd1
Bc3 28. Rd8+ Rxd8 29. Rxd8+ Kg7 30. Rd7 Ne2+ 31. Kf1 Nc1 32. Nxa5 1-0

[Event "M.Chigorin Memorial 2014"]
[Site "St. Petersburg"]
[Date "2014.10.25"]
[Round "8.27"]
[White "Matinian, Nikita"]
[Black "Sorokin, Aleksey"]
[Result "0-1"]
[WhiteElo "2470"]
[BlackElo "2246"]
[PlyCount "82"]
[EventDate "2014.10.18"]
[EventCountry "RUS"]

1. e4 c5 2. Nf3 d6 3. d4 cxd4 4. Nxd4 Nf6 5. Nc3 a6 6. h3 e6 7. g4 Be7 8. Bg2
Nfd7 9. g5 Nc6 10. h4 O-O 11. Be3 Nxd4 12. Bxd4 b5 13. e5 d5 14. f4 b4 15. Ne2
Qc7 16. h5 Bc5 17. Qd2 a5 18. Bxc5 Nxc5 19. Nd4 Ba6 20. Qe3 a4 21. g6 Kh8 22.
Rd1 a3 23. f5 exf5 24. Nxf5 Ne6 25. h6 gxh6 26. g7+ Nxg7 27. Nxg7 axb2 28. Bxd5
Rad8 29. c4 Rxd5 30. cxd5 Qc2 31. Rxh6 b1=Q 32. Rxb1 Qxb1+ 33. Kf2 Qf1+ 34. Kg3
Rg8 35. Rg6 fxg6 36. Ne6 Qd3 37. Qxd3 Bxd3 38. d6 Bc4 39. Nc7 Bxa2 40. e6 Bxe6
41. Nxe6 b3 0-1

[Event "M.Chigorin Memorial 2014"]
[Site "St. Petersburg"]
[Date "2014.10.25"]
[Round "8.28"]
[White "Bivol, Alina"]
[Black "Smirin, Ilia"]
[Result "0-1"]
[WhiteElo "2208"]
[BlackElo "2655"]
[PlyCount "40"]
[EventDate "2014.10.18"]
[EventType "swiss"]
[EventCountry "RUS"]

1. d4 Nf6 2. c4 g6 3. Nc3 Bg7 4. e4 d6 5. Nf3 O-O 6. Be2 Na6 7. O-O e5 8. Re1
c6 9. Bf1 Bg4 10. dxe5 Bxf3 11. Qxf3 dxe5 12. b3 Nc7 13. Ba3 Re8 14. Rad1 Qc8
15. Bd6 Nd7 16. g3 Ne6 17. Bh3 Ng5 18. Qg4 h6 19. Ne2 f5 20. exf5 Nf6 0-1

[Event "M.Chigorin Memorial 2014"]
[Site "St. Petersburg"]
[Date "2014.10.25"]
[Round "8.29"]
[White "Svetlov, Dmitry"]
[Black "Smirnov, Pavel"]
[Result "1/2-1/2"]
[WhiteElo "2387"]
[BlackElo "2611"]
[PlyCount "132"]
[EventDate "2014.10.18"]
[EventType "swiss"]
[EventCountry "RUS"]

1. d4 d5 2. Nf3 Nf6 3. c4 e6 4. g3 Bb4+ 5. Bd2 Be7 6. Bg2 c6 7. Qc2 b6 8. Bf4
Ba6 9. cxd5 Nxd5 10. Bxb8 Rxb8 11. Qxc6+ Kf8 12. Qa4 Qc8 13. O-O Bxe2 14. Re1
Qa6 15. Qxa6 Bxa6 16. Ne5 Rc8 17. Bxd5 exd5 18. Nc3 f6 19. Ng4 Bb4 20. Ne3 Bb7
21. Rec1 Bxc3 22. Rxc3 Rxc3 23. bxc3 Kf7 24. Kf1 h5 25. Ke2 h4 26. a4 hxg3 27.
hxg3 Ke6 28. a5 b5 29. Kd2 Bc8 30. Re1 Kd6 31. Rb1 Bd7 32. Re1 g5 33. g4 Rh4
34. Rg1 Be6 35. Ke2 Kc6 36. Kf3 Kd6 37. Ke2 Rh3 38. Kf1 Kc6 39. Kg2 Rh7 40. Kg3
Rc7 41. Rb1 Kb7 42. Rxb5+ Ka6 43. Rb8 Kxa5 44. Re8 Bf7 45. Rd8 Ka4 46. Nxd5
Bxd5 47. Rxd5 Rxc3+ 48. f3 Rc6 49. f4 gxf4+ 50. Kxf4 a5 51. Ke4 Kb4 52. Rd8 a4
53. Rb8+ Ka5 54. Rb1 a3 55. d5 Ra6 56. g5 fxg5 57. Ke5 a2 58. Ra1 Kb6 59. d6 g4
60. Ke6 Kc5 61. Ke7 Rxd6 62. Rc1+ Kd5 63. Rd1+ Ke5 64. Re1+ Kd5 65. Rd1+ Kc5
66. Rc1+ Kd5 1/2-1/2

[Event "M.Chigorin Memorial 2014"]
[Site "St. Petersburg"]
[Date "2014.10.25"]
[Round "8.30"]
[White "Burmakin, Vladimir"]
[Black "Zhurikhin, Alexander"]
[Result "1-0"]
[WhiteElo "2583"]
[BlackElo "2347"]
[PlyCount "87"]
[EventDate "2014.10.18"]
[EventType "swiss"]
[EventCountry "RUS"]

1. Nf3 Nf6 2. c4 c6 3. g3 d5 4. Bg2 g6 5. b3 Bg7 6. Bb2 O-O 7. O-O Bg4 8. h3
Bxf3 9. Bxf3 Nbd7 10. d3 Re8 11. Bg2 e5 12. Qc2 e4 13. dxe4 Nxe4 14. Bxg7 Kxg7
15. Nc3 Nxc3 16. Qxc3+ Qf6 17. Qb4 Rab8 18. cxd5 cxd5 19. e3 Qb6 20. Qxb6 Nxb6
21. Rfd1 Rbc8 22. a4 a5 23. Bxd5 Nxd5 24. Rxd5 b6 25. Rb5 Rc6 26. Rd1 h5 27. g4
hxg4 28. hxg4 Re7 29. Kg2 Ree6 30. g5 Rc2 31. Kg3 Rec6 32. Rd3 Rb2 33. f3 Rb1
34. Kf4 Rh1 35. Rd7 Re6 36. e4 Rf1 37. Rc7 Rd6 38. Rd5 Rxd5 39. exd5 Rb1 40.
Rc3 Kf8 41. Ke5 Ke7 42. d6+ Ke8 43. Kf6 Rd1 44. d7+ 1-0

[Event "M.Chigorin Memorial 2014"]
[Site "St. Petersburg"]
[Date "2014.10.25"]
[Round "8.31"]
[White "Tologontegin, Semetey"]
[Black "Harika, Dronavalli"]
[Result "1-0"]
[WhiteElo "2379"]
[BlackElo "2528"]
[PlyCount "119"]
[EventDate "2014.10.18"]
[EventCountry "RUS"]

1. e4 e6 2. d4 d5 3. Nc3 Bb4 4. exd5 exd5 5. Bd3 Nc6 6. a3 Bxc3+ 7. bxc3 Nge7
8. Qf3 Be6 9. Ne2 Qd7 10. Ng3 Bg4 11. Qf4 Ng6 12. Qe3+ Nce7 13. h3 Be6 14. O-O
O-O 15. Qf3 f5 16. Nh5 Nc8 17. Qg3 Nd6 18. f3 Rae8 19. Bd2 b6 20. Nf4 Bf7 21.
h4 Nc4 22. Bxc4 dxc4 23. Rfe1 c5 24. Nh3 f4 25. Qf2 Qf5 26. h5 Qxh5 27. Nxf4
Qf5 28. Nxg6 Bxg6 29. Be3 Rc8 30. Rac1 h5 31. Qh4 Bf7 32. Bf2 Rfe8 33. dxc5
bxc5 34. Be3 Re5 35. Bf4 Rd5 36. Qg3 h4 37. Qg4 Qxg4 38. fxg4 Bg6 39. Re6 Kh7
40. Rce1 Rf8 41. g3 Bf7 42. Re7 g5 43. Be3 Kg6 44. gxh4 gxh4 45. Kg2 Rdd8 46.
Kh3 Bd5 47. Bxc5 Rf3+ 48. Kh2 Rg3 49. Bd4 Rxg4 50. Rf1 Rxd4 51. cxd4 a6 52. Re5
c3 53. Rf4 h3 54. Kxh3 a5 55. Re3 Rh8+ 56. Kg3 Rc8 57. Kh2 Kg5 58. Rf2 Rh8+ 59.
Rh3 Re8 60. Rg3+ 1-0

[Event "M.Chigorin Memorial 2014"]
[Site "St. Petersburg"]
[Date "2014.10.25"]
[Round "8.32"]
[White "Batchuluun, Tsegmed"]
[Black "Baghdasaryan, Vahe"]
[Result "0-1"]
[WhiteElo "2523"]
[BlackElo "2343"]
[PlyCount "70"]
[EventDate "2014.10.18"]
[EventCountry "RUS"]

1. d4 Nf6 2. c4 c5 3. d5 b5 4. cxb5 a6 5. bxa6 g6 6. Nc3 Bg7 7. Nf3 O-O 8. e4
Qa5 9. Nd2 Bxa6 10. Bxa6 Qxa6 11. Qe2 e6 12. Qxa6 Nxa6 13. O-O exd5 14. exd5
Nb4 15. d6 Rfb8 16. Nc4 Ng4 17. Bd2 Nd3 18. b3 Bd4 19. h3 Ndxf2 20. hxg4 Ne4+
21. Be3 Bxc3 22. Rab1 Rxa2 23. Rf3 Ra4 24. Rff1 Rab4 25. Kh2 Rxb3 26. Rxb3 Rxb3
27. Rf4 Nxd6 28. Bxc5 g5 29. Rf3 Nxc4 30. Bd4 Bxd4 31. Rxb3 Be5+ 32. Kh3 d5 33.
Rb5 Ne3 34. g3 Kg7 35. Ra5 h6 0-1

[Event "M.Chigorin Memorial 2014"]
[Site "St. Petersburg"]
[Date "2014.10.25"]
[Round "8.33"]
[White "Triapishko, Olexandr"]
[Black "Yakovich, Yuri"]
[Result "1-0"]
[WhiteElo "2369"]
[BlackElo "2523"]
[PlyCount "109"]
[EventDate "2014.10.18"]
[EventType "swiss"]
[EventCountry "RUS"]

1. e4 c5 2. Nf3 e6 3. d4 cxd4 4. Nxd4 a6 5. Bd3 Nf6 6. O-O d6 7. c4 g6 8. Nc3
Bg7 9. Qe2 O-O 10. Nf3 Nc6 11. Bf4 Ng4 12. Rfd1 Nge5 13. Nxe5 dxe5 14. Be3 Bd7
15. f3 Nd4 16. Qf2 Qb6 17. Rab1 a5 18. b3 Rfd8 19. a3 Be8 20. Ne2 Bf8 21. Nxd4
exd4 22. Bg5 Bxa3 23. Bxd8 Rxd8 24. e5 Bb4 25. h4 a4 26. bxa4 Bxa4 27. Qb2 Bxd1
28. Qxb4 Qxb4 29. Rxb4 Ra8 30. Rb1 Ba4 31. Rxb7 Bc6 32. Rb6 Ra3 33. Bf1 Ba4 34.
Rd6 Re3 35. f4 Re4 36. g3 Bc2 37. c5 Re3 38. Rxd4 Rxg3+ 39. Kf2 Rc3 40. Rc4
Rxc4 41. Bxc4 Ba4 42. Ke3 Kg7 43. Kd4 h6 44. Bd3 f5 45. Be2 Bc6 46. Ke3 Kf7 47.
Bf3 Ba4 48. Kd4 Ke7 49. Kc4 Kd7 50. Kb4 Bc2 51. Be2 Be4 52. Bb5+ Kd8 53. Bc4
Kd7 54. Kb5 Bc6+ 55. Kb6 1-0

[Event "M.Chigorin Memorial 2014"]
[Site "St. Petersburg"]
[Date "2014.10.25"]
[Round "8.34"]
[White "Guseva, Marina"]
[Black "Oral, Tomas"]
[Result "1-0"]
[WhiteElo "2364"]
[BlackElo "2513"]
[PlyCount "91"]
[EventDate "2014.10.18"]
[EventCountry "RUS"]

1. d4 Nf6 2. c4 g6 3. Nc3 d5 4. Bg5 Ne4 5. Bh4 Nxc3 6. bxc3 Bg7 7. cxd5 Qxd5 8.
e3 c5 9. Nf3 cxd4 10. cxd4 Nc6 11. Be2 O-O 12. O-O Bf5 13. Nd2 e5 14. Bf3 e4
15. Be2 Rfc8 16. Qb3 Qd7 17. Rfd1 Bf8 18. Rac1 Na5 19. Qb1 Qa4 20. d5 Qb4 21.
Rxc8 Rxc8 22. Qxb4 Bxb4 23. g4 g5 24. Bxg5 Bg6 25. Nb3 Nxb3 26. axb3 Bd6 27.
Bf6 Rc2 28. Kf1 Kf8 29. h4 h5 30. Ra1 a6 31. Bxa6 bxa6 32. Rxa6 Bb8 33. Ra8 Rc8
34. Be5 Bxe5 35. Rxc8+ Ke7 36. gxh5 Bxh5 37. b4 Bg4 38. Rg8 Bh3+ 39. Kg1 Kd6
40. h5 Kxd5 41. h6 Bf5 42. b5 Bg6 43. Rc8 Bf5 44. Rc2 Ke6 45. b6 Kf6 46. Rc5
1-0

[Event "M.Chigorin Memorial 2014"]
[Site "St. Petersburg"]
[Date "2014.10.25"]
[Round "8.35"]
[White "Akhmetov, Ayan"]
[Black "Matsenko, Sergei"]
[Result "1-0"]
[WhiteElo "2351"]
[BlackElo "2485"]
[PlyCount "119"]
[EventDate "2014.10.18"]
[EventType "swiss"]
[EventCountry "RUS"]

1. e4 e6 2. d4 d5 3. Nd2 Nc6 4. Ngf3 Nf6 5. e5 Nd7 6. Bd3 Nb4 7. Be2 c5 8. c3
Nc6 9. O-O cxd4 10. cxd4 f6 11. exf6 Nxf6 12. Nb3 Bd6 13. Bg5 O-O 14. Re1 Qe8
15. Bh4 b6 16. Bg3 Bb4 17. Nbd2 Ne4 18. Bb5 Nxd2 19. Nxd2 Bd7 20. Bxc6 Bxc6 21.
a3 Ba4 22. Qe2 Bxd2 23. Qxd2 Rc8 24. Rac1 Qg6 25. Qb4 Bd7 26. Qd6 Qf7 27. h4 h6
28. b3 Kh7 29. Rc7 Rxc7 30. Qxc7 Bc8 31. Rc1 Ba6 32. Rc3 Kg8 33. Qd6 Qg6 34.
Rc7 Rf7 35. Rxa7 Rxa7 36. Qb8+ Kh7 37. Qxa7 Bf1 38. Qc7 Qb1 39. Be5 Be2+ 40.
Kh2 Qg6 41. a4 Qg4 42. g3 Bd1 43. Qf7 Qg6 44. Qb7 Qg4 45. Kg1 Bc2 46. f3 Qg6
47. Kf2 Bxb3 48. g4 Bxa4 49. h5 Qg5 50. Kg3 Bd1 51. Qf7 b5 52. Qxe6 b4 53. Qxd5
Qe3 54. Qb7 Qe1+ 55. Kf4 Qd2+ 56. Kf5 Qg5+ 57. Ke6 b3 58. Qe4+ Kg8 59. Qa8+ Kh7
60. Kf7 1-0

[Event "M.Chigorin Memorial 2014"]
[Site "St. Petersburg"]
[Date "2014.10.25"]
[Round "8.36"]
[White "Golubov, Saveliy"]
[Black "Chekhov, Sergei"]
[Result "1/2-1/2"]
[WhiteElo "2347"]
[BlackElo "2474"]
[PlyCount "131"]
[EventDate "2014.10.18"]
[EventType "swiss"]
[EventCountry "RUS"]

1. e4 g6 2. d4 Bg7 3. Nc3 c6 4. f4 d5 5. e5 h5 6. Nf3 Nh6 7. Be3 Bg4 8. Be2 e6
9. Qd2 Nf5 10. Bf2 Nd7 11. Ng5 Bxe2 12. Nxe2 Bh6 13. g3 c5 14. c3 cxd4 15. cxd4
Bxg5 16. fxg5 Nb8 17. Rc1 Nc6 18. Rc5 Rc8 19. O-O b6 20. Rc3 Na5 21. b3 Rxc3
22. Nxc3 Qe7 23. Ne2 Nc6 24. Rc1 Kd7 25. h3 Qb4 26. Rc3 Rc8 27. g4 hxg4 28.
hxg4 Nfe7 29. Qf4 Nd8 30. Rxc8 Nxc8 31. Qc1 Nc6 32. Qc3 Qa3 33. Qd2 Qb4 34. Qc3
Qxc3 35. Nxc3 a6 36. Kf1 b5 37. Ke2 Nb6 38. Kd3 Nb4+ 39. Kd2 Na8 40. Be3 Nc7
41. Ke2 Kc8 42. Kd2 Kb7 43. Ke2 Nc6 44. Kd3 Na8 45. Bd2 Nb6 46. Ne2 b4 47. Ng1
a5 48. Nf3 Ka6 49. Ne1 Kb5 50. Nc2 a4 51. Ne3 Nd7 52. Nc2 Ndb8 53. Be1 Na6 54.
Ne3 Na5 55. Kc2 Nb8 56. Kb2 Nbc6 57. Nc2 Nb7 58. Bd2 Nbd8 59. Be1 Nb7 60. Bd2
Nba5 61. Be1 axb3 62. axb3 Nb7 63. Bd2 Nbd8 64. Be1 Nb7 65. Bd2 Nba5 66. Be1
1/2-1/2

[Event "M.Chigorin Memorial 2014"]
[Site "St. Petersburg"]
[Date "2014.10.25"]
[Round "8.37"]
[White "Smirnov, Artem"]
[Black "Kowsarinia, Amir"]
[Result "0-1"]
[WhiteElo "2450"]
[BlackElo "2331"]
[PlyCount "60"]
[EventDate "2014.10.18"]
[EventType "swiss"]
[EventCountry "RUS"]

1. d4 d5 2. c4 e6 3. Nf3 c5 4. cxd5 exd5 5. g3 Nf6 6. Bg2 Be7 7. O-O O-O 8. Nc3
Nc6 9. dxc5 Bxc5 10. a3 a6 11. b4 Ba7 12. Bg5 d4 13. Ne4 Re8 14. Bxf6 gxf6 15.
Nh4 Ne5 16. Nc5 Rb8 17. Qd2 b6 18. Nd3 b5 19. Rfd1 Nc4 20. Qh6 f5 21. Nf3 Rb6
22. Qh5 h6 23. a4 Qf6 24. Nf4 bxa4 25. Rdc1 Rc6 26. Nd2 Ne5 27. Bxc6 Nxc6 28.
Rxa4 Bb8 29. Nd3 Bb7 30. Nc5 Bc8 0-1

[Event "M.Chigorin Memorial 2014"]
[Site "St. Petersburg"]
[Date "2014.10.25"]
[Round "8.38"]
[White "Malakhov, Igor"]
[Black "Duzhakov, Ilya"]
[Result "1-0"]
[WhiteElo "2441"]
[BlackElo "2341"]
[PlyCount "95"]
[EventDate "2014.10.18"]
[EventType "swiss"]
[EventCountry "RUS"]

1. Nf3 Nf6 2. g3 d5 3. Bg2 Nc6 4. d4 Bf5 5. O-O e6 6. c4 Be7 7. Nc3 O-O 8. Ne5
dxc4 9. Nxc6 bxc6 10. e4 Bg6 11. Be3 Rb8 12. Qe2 c5 13. Rfd1 c6 14. dxc5 Qa5
15. Qxc4 Rb4 16. Qe2 Bh5 17. f3 Rfb8 18. Bc1 Bxc5+ 19. Kh1 e5 20. g4 Bg6 21. b3
Rd4 22. Bb2 Ba3 23. Bxa3 Qxa3 24. Na4 c5 25. Rxd4 cxd4 26. Qc2 h5 27. g5 Nd5
28. Qc1 Qxc1+ 29. Rxc1 Nb4 30. Nc5 Nxa2 31. Ra1 Nb4 32. Bf1 Rc8 33. Nd7 d3 34.
Nxe5 Nc2 35. Rd1 Ne3 36. Rxd3 Nxf1 37. Kg2 Rc1 38. Rd8+ Kh7 39. Nd7 Bxe4 40.
Nf8+ Kg8 41. fxe4 Ne3+ 42. Kg3 Rf1 43. Ra8 a5 44. h3 Rd1 45. Kf2 Nc2 46. e5 Rd5
47. Ne6+ Kh7 48. g6+ 1-0

[Event "M.Chigorin Memorial 2014"]
[Site "St. Petersburg"]
[Date "2014.10.25"]
[Round "8.39"]
[White "Biriukov, Oleg V"]
[Black "Munguntuul, Batkhuyag"]
[Result "1/2-1/2"]
[WhiteElo "2327"]
[BlackElo "2433"]
[PlyCount "120"]
[EventDate "2014.10.18"]
[EventType "swiss"]
[EventCountry "RUS"]

1. d4 Nf6 2. c4 g6 3. Nc3 Bg7 4. e4 d6 5. Be2 O-O 6. Be3 e5 7. d5 Na6 8. g4 Nc5
9. Bf3 a5 10. h4 Bd7 11. g5 Ne8 12. Nge2 a4 13. Nb5 c6 14. dxc6 bxc6 15. Nxd6
Qa5+ 16. Kf1 Be6 17. Nxe8 Rfxe8 18. Qc2 Rf8 19. Kg2 f5 20. gxf6 Rxf6 21. Kg3
Rd8 22. Bg2 Bc8 23. Qc3 Qxc3 24. Nxc3 Nd3 25. Nxa4 Nxf2 26. Rhb1 Nd3 27. Nc5
Nf4 28. Bf1 g5 29. a4 Rh6 30. a5 Rxh4 31. a6 Nh5+ 32. Kg2 Bg4 33. a7 Bf3+ 34.
Kf2 Bxe4 35. Ke1 Bxb1 36. a8=Q Rxa8 37. Rxa8+ Kf7 38. Bxg5 Rh2 39. Bd2 Ng3 40.
Ra7+ Kg6 41. Bd3+ Bxd3 42. Nxd3 Bf6 43. Bc3 h5 44. Ra6 Kf5 45. Rxc6 h4 46. Nf2
Rg2 47. Rc8 Rg1+ 48. Kd2 Rf1 49. Nd1 Bg5+ 50. Kc2 h3 51. Rh8 Bf6 52. Ne3+ Ke6
53. Re8+ Kf7 54. Nxf1 Nxf1 55. Rxe5 Bxe5 56. Bxe5 Ke6 57. Bb8 Ne3+ 58. Kd3 Ng4
59. Ke4 h2 60. Bxh2 Nxh2 1/2-1/2

[Event "M.Chigorin Memorial 2014"]
[Site "St. Petersburg"]
[Date "2014.10.25"]
[Round "8.40"]
[White "Ovod, Evgenija"]
[Black "Iljiushenok, Ilia"]
[Result "0-1"]
[WhiteElo "2325"]
[BlackElo "2433"]
[PlyCount "69"]
[EventDate "2014.10.18"]
[EventType "swiss"]
[EventCountry "RUS"]

1. d4 d5 2. Nf3 Bf5 3. c4 e6 4. Nc3 Bb4 5. Qb3 Nc6 6. Bg5 Nge7 7. a3 Bxc3+ 8.
Qxc3 f6 9. Bd2 e5 10. dxe5 d4 11. Qb3 fxe5 12. e3 O-O 13. c5+ Kh8 14. Bc4 dxe3
15. fxe3 e4 16. Ng5 Ne5 17. Nf7+ Rxf7 18. Bxf7 Nd3+ 19. Kd1 Ne5 20. Qc3 Nd3 21.
Kc2 c6 22. g4 Bg6 23. Bxg6 Nxg6 24. Qc4 Nf2 25. Rhg1 Ne5 26. Qe2 Qd3+ 27. Qxd3
exd3+ 28. Kc1 Ne4 29. Bc3 Nc4 30. b3 d2+ 31. Bxd2 Ncxd2 32. Kc2 Rc8 33. Rg2 Nf3
34. Rd1 b5 35. Re2 0-1

[Event "M.Chigorin Memorial 2014"]
[Site "St. Petersburg"]
[Date "2014.10.25"]
[Round "8.41"]
[White "Ziaziulkina, Nastassia"]
[Black "Sargissyan, Sargis"]
[Result "0-1"]
[WhiteElo "2429"]
[BlackElo "2284"]
[PlyCount "96"]
[EventDate "2014.10.18"]
[EventType "swiss"]
[EventCountry "RUS"]

1. e4 e5 2. Nf3 Nc6 3. Bb5 Nf6 4. O-O Nxe4 5. d4 Nd6 6. Bxc6 dxc6 7. dxe5 Nf5
8. Qxd8+ Kxd8 9. h3 Ne7 10. Nc3 Ng6 11. Bg5+ Ke8 12. Rad1 Bd7 13. a3 h6 14. Be3
Be7 15. Rfe1 a5 16. Ne4 Bf5 17. Bc1 Nf8 18. Nd4 Bxe4 19. Rxe4 Rd8 20. Rde1 Ne6
21. Nb3 a4 22. Na5 Ra8 23. Bd2 Nd8 24. Nc4 b5 25. Ne3 Ne6 26. Nf5 Rd8 27. Bc3
Rd5 28. Ne3 Rd7 29. Rd1 g6 30. g3 h5 31. Kg2 Bc5 32. Nf1 Ke7 33. f4 Rb8 34. Rd2
h4 35. Rd3 b4 36. Bd2 bxa3 37. bxa3 Rb2 38. Rc3 Ra2 39. Ne3 Bd4 40. Rc4 Bxe3
41. Bxe3 Rxa3 42. c3 Ra2+ 43. Kf3 hxg3 44. Rxc6 g2 45. Rcc4 Rc2 46. Bf2 a3 47.
Ra4 a2 48. c4 Rc1 0-1

[Event "M.Chigorin Memorial 2014"]
[Site "St. Petersburg"]
[Date "2014.10.25"]
[Round "8.42"]
[White "Gorozhanin, Mikhail"]
[Black "Gochelashvili, David"]
[Result "0-1"]
[WhiteElo "2317"]
[BlackElo "2427"]
[PlyCount "86"]
[EventDate "2014.10.18"]
[EventType "swiss"]
[EventCountry "RUS"]

1. d4 g6 2. Nf3 Bg7 3. c4 c5 4. d5 d6 5. g3 Nf6 6. Bg2 O-O 7. O-O Na6 8. Nc3
Nc7 9. e4 Bg4 10. h3 Bxf3 11. Qxf3 Rb8 12. Qe2 a6 13. a4 e6 14. a5 Re8 15. Qc2
exd5 16. exd5 b5 17. axb6 Rxb6 18. b3 Nh5 19. Ra3 f5 20. Bd2 Qd7 21. Na4 Rbb8
22. Nb2 Bd4 23. Kh2 Re2 24. Nd3 Nf6 25. Qd1 Ree8 26. Ba5 g5 27. Bxc7 Qxc7 28.
Rxa6 Ne4 29. Rc6 Qf7 30. Bf3 Nc3 31. Qd2 Qf6 32. Re1 Ne4 33. Qc2 Re7 34. Re2
Kh8 35. Bg2 h5 36. Re1 h4 37. gxh4 g4 38. Re2 Rg8 39. b4 cxb4 40. c5 Qxh4 41.
cxd6 g3+ 42. Kh1 gxf2 43. dxe7 f1=R+ 0-1

[Event "M.Chigorin Memorial 2014"]
[Site "St. Petersburg"]
[Date "2014.10.25"]
[Round "8.43"]
[White "Kashtanov, Ruslan"]
[Black "Hayrapetyan, Hovik"]
[Result "0-1"]
[WhiteElo "2316"]
[BlackElo "2426"]
[PlyCount "116"]
[EventDate "2014.10.18"]
[EventType "swiss"]
[EventCountry "RUS"]

1. e4 g6 2. d4 Bg7 3. c3 c6 4. h4 h5 5. Bg5 d6 6. Bd3 Qc7 7. Nd2 e5 8. Ne2 Nh6
9. f3 Nd7 10. Qc2 Rb8 11. a4 b6 12. Nc4 a6 13. dxe5 dxe5 14. Be3 b5 15. Nd2 O-O
16. c4 b4 17. c5 Rd8 18. g4 hxg4 19. h5 g5 20. Bxg5 f6 21. Be3 gxf3 22. Rg1 Kh7
23. Nxf3 Nf8 24. Nh2 b3 25. Qc3 f5 26. O-O-O f4 27. Bf2 Qf7 28. Bh4 Rxd3 29.
Rxd3 Qxh5 30. Nxf4 Qxh4 31. Rxg7+ Kxg7 32. Qxe5+ Kg8 33. Nh5 Qe1+ 34. Rd1 Qe3+
35. Kb1 Rb7 36. Nf6+ Kf7 37. Rf1 Bf5 38. Nfg4 Qd3+ 39. Ka1 Qxf1+ 40. Nxf1 Bxg4
41. Qh8 Ng8 42. Ne3 Rd7 43. Qh1 Be6 44. Qf1+ Ke7 45. Qxa6 Nf6 46. Qxc6 Rd3 47.
Qc7+ N8d7 48. Qg3 Nxc5 49. Qg7+ Bf7 50. Qg1 Nfxe4 51. Kb1 Be6 52. a5 Kd7 53. a6
Nxa6 54. Qg7+ Kc6 55. Qh6 Nac5 56. Kc1 Rd2 57. Qf8 Nd3+ 58. Kb1 Rxb2+ 0-1

[Event "M.Chigorin Memorial 2014"]
[Site "St. Petersburg"]
[Date "2014.10.25"]
[Round "8.45"]
[White "Khanin, Semen"]
[Black "Dzhumagaliev, Yan"]
[Result "1/2-1/2"]
[WhiteElo "2292"]
[BlackElo "2415"]
[PlyCount "68"]
[EventDate "2014.10.18"]
[EventType "swiss"]
[EventCountry "RUS"]

1. e4 c5 2. Nf3 Nc6 3. d4 cxd4 4. Nxd4 e6 5. Nc3 Qc7 6. Be3 a6 7. Bd3 Nf6 8.
O-O Nxd4 9. Bxd4 Bc5 10. Bxc5 Qxc5 11. Qd2 d6 12. Rfe1 O-O 13. Rad1 e5 14. Bf1
Rd8 15. Qe3 Be6 16. Qxc5 dxc5 17. Na4 Nd7 18. Rd6 Kf8 19. Red1 Ke7 20. Nc3 Nf6
21. Rb6 Rxd1 22. Nxd1 Kd7 23. Rxb7+ Kc6 24. Re7 Ng8 25. Rxe6+ fxe6 26. Ne3 Nf6
27. f3 g5 28. Nc4 Nd7 29. Kf2 Kc7 30. Kg3 Kd8 31. a4 Ke8 32. Nd2 Ke7 33. Bd3
Rb8 34. Nb3 Rb6 1/2-1/2

[Event "M.Chigorin Memorial 2014"]
[Site "St. Petersburg"]
[Date "2014.10.25"]
[Round "8.46"]
[White "Nezad, Husein Aziz"]
[Black "Erzhanov, Arman"]
[Result "1-0"]
[WhiteElo "2400"]
[BlackElo "2278"]
[PlyCount "103"]
[EventDate "2014.10.18"]
[EventType "swiss"]
[EventCountry "RUS"]

1. d4 d5 2. c4 dxc4 3. Nf3 a6 4. e3 Bg4 5. Bxc4 e6 6. O-O Nf6 7. b3 Nc6 8. Bb2
Bd6 9. Nbd2 O-O 10. Qc2 Qe7 11. Ne5 Nb4 12. Qb1 b5 13. a3 bxc4 14. axb4 cxb3
15. f3 Bh5 16. e4 Nd7 17. Nc6 Bxh2+ 18. Kxh2 Qd6+ 19. Kh1 Qxc6 20. Rc1 Qd6 21.
Nxb3 Rfb8 22. Rc4 Rb5 23. Ra5 Rab8 24. Qe1 Rxa5 25. Nxa5 Nb6 26. Rc6 Qd7 27.
Qg3 Na4 28. Rxc7 Qb5 29. Bc1 Rf8 30. Kh2 Qxb4 31. Nc6 Qb5 32. d5 exd5 33. Bh6
Qb2 34. Be3 Bg6 35. Bd4 Qd2 36. Ne7+ Kh8 37. Nf5 f6 38. Rxg7 Qb4 39. Rxg6 hxg6
40. Qxg6 Qb8+ 41. g3 Qb7 42. Bxf6+ Rxf6 43. Qxf6+ Kh7 44. Qh6+ Kg8 45. Qg6+ Kh8
46. Qe8+ Kh7 47. Qxa4 dxe4 48. Qxe4 Qb2+ 49. Kh3 Qa1 50. Ne7+ Kg7 51. Qe6 a5
52. Qg8+ 1-0

[Event "M.Chigorin Memorial 2014"]
[Site "St. Petersburg"]
[Date "2014.10.25"]
[Round "8.47"]
[White "Delemarre, Jop"]
[Black "Isakov, Andrey"]
[Result "1/2-1/2"]
[WhiteElo "2399"]
[BlackElo "2258"]
[PlyCount "100"]
[EventDate "2014.10.18"]
[EventType "swiss"]
[EventCountry "RUS"]

1. d4 Nf6 2. c4 g6 3. Nc3 Bg7 4. e4 O-O 5. Bg5 h6 6. Be3 d6 7. h3 e5 8. d5 Na6
9. Bd3 Nh5 10. g3 Qe8 11. Qd2 Kh7 12. O-O-O f5 13. exf5 Bxf5 14. Be2 Bd7 15.
Nf3 Nc5 16. Rde1 a6 17. Qc2 Kg8 18. Bxc5 dxc5 19. Ne4 b6 20. Nfd2 Qe7 21. Bd3
g5 22. Be2 Nf6 23. Nxf6+ Qxf6 24. Ne4 Qg6 25. Bg4 Bf5 26. Bxf5 Rxf5 27. d6 cxd6
28. Nxd6 Rf6 29. Qxg6 Rxg6 30. Nf5 Re6 31. Rd1 e4 32. Rd7 Bd4 33. Rf1 b5 34.
Rd6 Rxd6 35. Nxd6 bxc4 36. Nxe4 Rb8 37. Nc3 Rf8 38. Nd1 Rf3 39. Kc2 Kf7 40. Re1
h5 41. Rh1 h4 42. gxh4 gxh4 43. Kd2 Kf6 44. Ke2 Rd3 45. Ne3 Bxb2 46. Nxc4 Rc3
47. Nxb2 Rc2+ 48. Kf3 Rxb2 49. Rc1 Rxa2 50. Rxc5 Ra4 1/2-1/2

[Event "M.Chigorin Memorial 2014"]
[Site "St. Petersburg"]
[Date "2014.10.25"]
[Round "8.48"]
[White "Schekachikhin, Maksim"]
[Black "Slavin, Alexey"]
[Result "1-0"]
[WhiteElo "2233"]
[BlackElo "2397"]
[PlyCount "81"]
[EventDate "2014.10.18"]
[EventType "swiss"]
[EventCountry "RUS"]

1. e4 c5 2. Nf3 g6 3. d4 Bg7 4. Nc3 cxd4 5. Nxd4 Nc6 6. Be3 Nf6 7. Bc4 O-O 8.
Bb3 a5 9. O-O a4 10. Nxa4 Nxe4 11. c4 d6 12. Re1 Bd7 13. Nb5 Ra6 14. Qe2 Nf6
15. h3 Be6 16. Rad1 Na5 17. Nc5 Nxb3 18. axb3 Ra2 19. Nxe6 fxe6 20. Bc5 Nh5 21.
Qxe6+ Kh8 22. Qe4 Rxb2 23. Bd4 Ra2 24. Nc3 Rb2 25. Nd5 Rxb3 26. Qc2 Bxd4 27.
Rxd4 Qa5 28. Rde4 Qa3 29. Rxe7 Rb2 30. Qc1 Rfxf2 31. Re8+ Kg7 32. R8e7+ Kh8 33.
Re8+ Kg7 34. R1e7+ Rf7 35. Rxf7+ Kxf7 36. Re7+ Kg8 37. Qf1 Qc5+ 38. Ne3 Rxg2+
39. Qxg2 Nf4 40. Qxb7 Qg5+ 41. Kf1 1-0